| 000 | 00709nam a2200205 i 4500 | ||
|---|---|---|---|
| 001 | 87691 | ||
| 003 | ES-MaACL | ||
| 005 | 20230906175725.0 | ||
| 007 | t| | ||
| 008 | 041223s1944 mx ||||1| spa d | ||
| 100 | 1 |
_aLa Brière, Yves de. _969136 |
|
| 245 | 1 | 3 |
_aEl derecho de la guerra justa _b: tradición teológica y adaptaciones contemporáneas / _cYves de La Brière ; traducción de Luis Islas García. |
| 260 |
_aMéxico : _bJus, _c1944 ( _fImp. Sag) |
||
| 300 |
_a276 p. ; _c21 cm. |
||
| 490 | 1 | _aColección de estudios jurídicos | |
| 700 | 1 |
_aIslas García, Luis. _965579 |
|
| 830 | 0 |
_aColección de estudios jurídicos _9190525 |
|
| 852 |
_aES-MaACL _jC-3967 _bR.23714 |
||
| 999 |
_c87691 _d87691 |
||